| 000 | 01346nam a2200313 a 4500 | ||
|---|---|---|---|
| 003 | BLK | ||
| 005 | 20250210174258.0 | ||
| 007 | ta | ||
| 008 | 240314b bu |||||r|||| 00| | bu d | ||
| 020 | _a9786192432836 | ||
| 040 | _aBLK | ||
| 041 |
_aBUL _cBUL |
||
| 080 |
_9236966 _aПриготвяне на храна(общи въпроси). Рецепти. Готварски книги _b641.55 _x(083.12) _z641.55(083.12) |
||
| 084 | _aТ 93 | ||
| 100 |
_9490013 _aТучи, Стенли |
||
| 245 |
_aТрапезата на Тучи _cСтенли Тучи, Фелисити Блънт, Кей Плънкет-Хоги ; прев. от англ. Цветелина Лакова |
||
| 260 |
_9209461 _aСофия _bПрозорец _c2023 _f([Костинброд] : Мултипринт) |
||
| 300 |
_a240 с. : с цв. ил. _c23 см |
||
| 380 | _a62 | ||
| 500 | _aОриг. загл.: The Tucci table / Stanley Tucci | ||
| 650 | 0 |
_9241856 _aГотварство - рецепти |
|
| 700 |
_9491588 _aБлънт, Фелисити |
||
| 700 |
_9491589 _aПлънкет-Хоги, Кей |
||
| 700 |
_9389898 _aЛакова, Цветелина Лакова |
||
| 852 |
_aЦб 322206 _bЦб |
||
| 856 |
_i0.00 _ldisable |
||
| 942 |
_cKNG _n0 _01 |
||
| 944 |
_a30560 _cГеновева Генчева _k30531 _lЦветелина Шанова |
||
| 999 |
_c505876 _d505876 |
||